LEADER 01100nam0-22003491i-450 001 990004385710403321 005 20180427090914.0 010 $a84-95073-15-3 035 $a000438571 035 $aFED01000438571 035 $a(Aleph)000438571FED01 035 $a000438571 100 $a19990604d2001----km-y0itay50------ba 101 0 $aspa 102 $aES 105 $ay-------001yy 200 1 $aIslam y cristiandad$eEspaña entre las dos culturas$fRamon Menéndez Pidal$gedicion de Alvaro Galmés de Fuentes 210 $aMalaga$cUniversidad de Malaga$d2001 215 $a2 v.$d24 cm 225 1 $aAnalecta malacitana$iAnejo$v33 610 0 $aCristianesimo e islamismo$aSpagna 676 $a291.172$v20$zita 700 1$aMenéndez Pidal,$bRamón$f<1869-1968>$0384516 702 1$aGalmés de Fuentes,$bAlvaro$f<1924-2003> 801 0$aIT$bUNINA$gRICA$2UNIMARC 901 $aBK 912 $a990004385710403321 952 $aP.3 B 13929(1)$bBibl.47227$fFLFBC 952 $aP.3 B 13929(2)$bBibl.47227$fFLFBC 959 $aFLFBC 996 $aIslam y cristiandad$9542723 997 $aUNINA LEADER 02545nam 2200469z- 450 001 9910888101103321 005 20230221130436.0 035 $a(CKB)5860000000047452 035 $a(oapen)https://directory.doabooks.org/handle/20.500.12854/82834 035 $a(EXLCZ)995860000000047452 100 $a20202206d2017 |y 0 101 0 $aita 135 $aurmn|---annan 181 $ctxt$2rdacontent 182 $cc$2rdamedia 183 $acr$2rdacarrier 200 10$aHow to face the scientific communication today. International challenge and digital technology impact on research outputs dissemination 210 $aFlorence$cFirenze University Press$d2017 215 $a1 electronic resource (250 p.) 225 1 $aScuole di dottorato 311 $a88-927-3204-8 330 $aDissemination of scientific results is an important and necessary component of research activity. Nowadays research asks to be widely diffused and shared in a larger community in the effort to demonstrate its innovation and originality, so to enlarge network and obtain funds to keep working. In this context, PhD students, as part of scientific community and young researchers in training, have to understand the rule of publications to define the best strategy for the dissemination of their research. The present book, through the experiences of national and international PhD candidates, PhDs and Professors, is a contribute in the current opened debate on the most effective strategies and related tools to design specific actions, to highlight and improve the peculiar qualities and disciplines of each research. 606 $aArchitecture$2bicssc 606 $aTheory of architecture$2bicssc 606 $aArchitectural structure & design$2bicssc 606 $aTechnology: general issues$2bicssc 606 $aOther technologies & applied sciences$2bicssc 615 7$aArchitecture 615 7$aTheory of architecture 615 7$aArchitectural structure & design 615 7$aTechnology: general issues 615 7$aOther technologies & applied sciences 700 $aMedici$b Marco$4edt$01770771 702 $aModugno$b Valentina$4edt 702 $aPracucci$b Alessandro$4edt 702 $aMedici$b Marco$4oth 702 $aModugno$b Valentina$4oth 702 $aPracucci$b Alessandro$4oth 906 $aBOOK 912 $a9910888101103321 996 $aHow to face the scientific communication today. International challenge and digital technology impact on research outputs dissemination$94254538 997 $aUNINA